00918nam a2200265Ia 450000500170000000800410001702000210005804000190007904100120009808200140011010000200012424500570014425000160020126000440021730000150026150400500027663000370032665000300036365100180039385000100041194200070042199900170042895201030044595201040054820231128094156.0131103s9999 xx 000 0 und d a706979826cRs.65 aLoreto College aEnglish a396 bDEV aDevendra,Kiran  aChanging Status of Women in Indiac Kiran Devendra a3rd rev.ed. aNew DelhibVikas Publishing Housec1994 axx,234 p.  aIncludes bibliographical references and index aIndian Women - Social Conditions aWomen - Social Conditions aWomen Studies aLCLIB cBK c11313d61792 00102ddc4070aMAINbMAINd2013-11-04l0o396 DEV 37920 pB11207r2013-11-04w2013-11-04yBKf 00102ddc4070aMAINbMAINd2013-11-04l0o396 DEV 380992pB21392r2013-11-04w2013-11-04yBKf